Use of RAPD markers to determine the genetic diversity of diploid, wheat genotypes (Record no. 71915)

MARC details
000 -LEADER
fixed length control field 00510nam a2200181Ia 4500
100 ## - MAIN ENTRY--AUTHOR NAME
Personal name Vierling R A
245 #0 - TITLE STATEMENT
Title Use of RAPD markers to determine the genetic diversity of diploid, wheat genotypes
260 ## - PUBLICATION, DISTRIBUTION, ETC. (IMPRINT)
Name of publisher Theoretical and Applied Genetics
Year of publication 1992
300 ## - PHYSICAL DESCRIPTION
Number of Pages 835-838
650 ## - SUBJECT ADDED ENTRY--TOPICAL TERM
Topical Term Genetic diversity
650 ## - SUBJECT ADDED ENTRY--TOPICAL TERM
Topical Term Phenograms
650 ## - SUBJECT ADDED ENTRY--TOPICAL TERM
Topical Term RAPD
650 ## - SUBJECT ADDED ENTRY--TOPICAL TERM
Topical Term Triticum monococcum
650 ## - SUBJECT ADDED ENTRY--TOPICAL TERM
Topical Term Triticum uratu
700 ## - ADDED ENTRY--PERSONAL NAME
Personal name Nguyen H T
942 ## - ADDED ENTRY ELEMENTS (KOHA)
Koha item type Journals
Holdings
Withdrawn status Lost status Damaged status Not for loan Home library Current library Date acquired Serial Enumeration / chronology Koha item type
      Journals RRII Library RRII Library 17/12/2021 Volume 84, Issue 08-Jul Journals